| 000 | 00386nam a2200133Ia 4500 | ||
|---|---|---|---|
| 005 | 20251222141826.0 | ||
| 008 | 251222s9999||||xx |||||||||||||| ||spa|| | ||
| 020 | _a9972-794-07-5 | ||
| 082 | _a726.098.5/S21R | ||
| 100 | _aSan Cristóbal Sebastián, Antonio | ||
| 245 | 0 | _aArquitectura Virreinal de Lima en la Primera Mitad del Siglo XVII | |
| 264 | _bFondo Editorial FAUA | ||
| 942 | _cLIB | ||
| 999 |
_c6956 _d6956 |
||